Gladiatorzy polskiego Freak Fightu #1 - Statystyki

Ogólne statystyki
  • Ten quiz został rozwiązany 59 razy
  • Średni wynik to 8 z 11
Statystyki odpowiedzi
Hint Odpowiedź % Poprawnych
Nie zjadł serwala, nie jest biseksem i nie ma zakoli Wojciech "Gola" Gola
98%
Cesarz Polskich freak fightów Marcin "el Testosteron" Najman
96%
Patriota, przyszły prezydent, służył w legii cudzoziemskiej Jacek "Stary Muran" Murański
94%
Podobno spoczywa w urnie kredensu domu jednorodzinnego w Wałczu Mateusz "Młody Muran" Murański
94%
Mistrz Śląska MMA Michał "Boxdel" Baron
94%
Cokolwiek się wydarzy, on nie przestaje marzyć Arkadiusz "Aroy" Tańcula
90%
Dziennikarz śledczy, znany z wiarygodności i skrupulatnego researchu Tomasz "Szalony Reporter" Matysiak
58%
Najgorętsza polska Onlyfansiara Denis "Bad Boy" Załęcki
56%
Znany z wystrzelenia po przedtreningówce i mimiki Marek "Adbuster" Hoffman
35%
Pozytywny striptizer, wyrocznia i prorok Dawid "Ozdóbka" Ozdoba
31%
Przegrał z każdym, obecnie walczy z nadwagą. Sergiusz "Nitro" Górski
27%
Nie znaleziono quizów pasujących do podanych kryteriów
Rozkład punktacji
Procent ludzi z każdym wynikiem
Percentyl według liczby udzielonych odpowiedzi
Twoja historia wyników
Nie rozwiązałeś tego quizu